20 Biggest Cities in Tennessee - Statistics

General Stats
  • This quiz has been taken 50 times
  • The average score is 12 of 20
Answer Stats
Hint Answer % Correct
613,110 Memphis
97%
687,150 Nashville
97%
188,850 Chattanooga
94%
200,400 Knoxville
92%
185,118 Clarksville
81%
169,321 Murfreesboro
81%
90,026 Franklin
67%
74,075 Johnson City
67%
64,117 Hendersonville
61%
68,285 Jackson
58%
57,131 Kingsport
56%
55,483 Bartlett
50%
58,725 Smyrna
47%
49,475 Cleveland
44%
51,311 Collierville
42%
52,197 Gallatin
42%
45,207 Brentwood
36%
49,226 Columbia
36%
59,748 Spring Hill
28%
51,185 Lebanon
25%
No matching quizzes found
Score Distribution
Percent of People with Each Score
Percentile by Number Answered
Your Score History
You have not taken this quiz